Statistics for Flags of Countries that Start with M

Click here to take the quiz!

General Stats

  • This quiz has been taken 59 times
  • The average score is 15 of 17

Answer Stats

Answer% Correct
Mexico
96%
Moldova
96%
Monaco
96%
Morocco
96%
Malawi
93%
Malta
93%
Malaysia
91%
Mauritania
91%
Mauritius
89%
Maldives
87%
Mali
87%
Mozambique
87%
Marshall Islands
85%
Mongolia
85%
Montenegro
85%
Madagascar
83%
Myanmar
80%

Score Distribution

Percentile by Number Answered

Percent of People with Each Score

Your Score History

You have not taken this quiz